000 00430nam a2200157Ia 4500
003 GCL
008 140319s9999 xx 000 0 eng d
040 _aGCL /
_cGCL
082 0 4 _a617
_bR M
100 1 _aRAINS, HARDING A. J.
245 1 0 _a1001 MULTIPLE CHOICE QUESTIONS AND ANSWERS IN SURGERY /
_cRAINS, HARDING A. J.
260 _a[S.N] :
_bCHAPMAN & HALL ،
_c1993
300 _a188 P
650 0 4 _aSURGERY
942 _2ddc
_cBK
999 _c21356
_d21356